000 00372nam a22001337a 4500
008 250707b |||||||| |||| 00| 0 eng d
020 _a9780072497815
050 _aHD62.37
_b.B35
100 _aBAIED, Michael L.
245 _aStarting a Higher Tech Company
260 _aNew York
_bInstitute of Electrical Electronic Engineering
_c1995
300 _avii, 172p.
942 _cBK
999 _c4153
_d4153